000 00468nmm a2200157Ia 4500
008 251105s9999||||xx |||||||||||||||||und||
020 _a9789580612483
041 _aspa
100 _aCastro Victoria, Freddy
245 0 _a¿Guerra o paz? : Uribismo vs. Santismo
264 _a[Bogotá, Colombia] :
_bOveja Negra,
_c2014
300 _a208 páginas
650 _aPolitical Science (General)
856 _uhttps://public.digitaliapublishing.com/a/37820
942 _cCF
999 _c94907
_d94907